<?xml version="1.0" encoding="UTF-8"?><?xml-stylesheet type="text/xsl" href="static/style.xsl"?><OAI-PMH xmlns="http://www.openarchives.org/OAI/2.0/" xmlns:xsi="http://www.w3.org/2001/XMLSchema-instance" xsi:schemaLocation="http://www.openarchives.org/OAI/2.0/ http://www.openarchives.org/OAI/2.0/OAI-PMH.xsd"><responseDate>2026-04-17T20:57:22Z</responseDate><request verb="GetRecord" identifier="oai:riubu.ubu.es:10259/5860" metadataPrefix="marc">https://riubu.ubu.es/oai/request</request><GetRecord><record><header><identifier>oai:riubu.ubu.es:10259/5860</identifier><datestamp>2021-11-02T12:23:55Z</datestamp><setSpec>com_10259.4_103</setSpec><setSpec>com_10259.4_1</setSpec><setSpec>com_10259_2604</setSpec><setSpec>col_10259_5853</setSpec></header><metadata><record xmlns="http://www.loc.gov/MARC21/slim" xmlns:doc="http://www.lyncode.com/xoai" xmlns:xsi="http://www.w3.org/2001/XMLSchema-instance" xmlns:dcterms="http://purl.org/dc/terms/" xsi:schemaLocation="http://www.loc.gov/MARC21/slim http://www.loc.gov/standards/marcxml/schema/MARC21slim.xsd">
<leader>00925njm 22002777a 4500</leader>
<datafield tag="042" ind1=" " ind2=" ">
<subfield code="a">dc</subfield>
</datafield>
<datafield tag="720" ind1=" " ind2=" ">
<subfield code="a">López Gómez, José Manuel</subfield>
<subfield code="e">author</subfield>
</datafield>
<datafield tag="260" ind1=" " ind2=" ">
<subfield code="c">2012</subfield>
</datafield>
<datafield tag="520" ind1=" " ind2=" ">
<subfield code="a">Se estudia en este trabajo la situación de la enfermedad&#xd;
palúdica en la ciudad y provincia de Burgos en el primer tercio del&#xd;
siglo XX, y la contribución burgalesa a la erradicación de la malaria&#xd;
en ese periodo, a través de la labor del médico titular del pueblo&#xd;
de Hoyales de Roa, Cipriano Villalonga Guerra.</subfield>
</datafield>
<datafield tag="520" ind1=" " ind2=" ">
<subfield code="a">In this study we analyse the situation of malaria in&#xd;
Burgos city and province during the first third of the 20 th. century,&#xd;
as well as the contribution of this city towards malaria eradication&#xd;
along this period, thanks to Cipriano Villalonga Guerra’s work, the&#xd;
family doctor in Hoyales de Roa.</subfield>
</datafield>
<datafield tag="024" ind2=" " ind1="8">
<subfield code="a">0211-8998</subfield>
</datafield>
<datafield tag="024" ind2=" " ind1="8">
<subfield code="a">http://hdl.handle.net/10259/5860</subfield>
</datafield>
<datafield ind1=" " ind2=" " tag="653">
<subfield code="a">Paludismo</subfield>
</datafield>
<datafield ind1=" " ind2=" " tag="653">
<subfield code="a">Burgos</subfield>
</datafield>
<datafield ind1=" " ind2=" " tag="653">
<subfield code="a">Siglo XX</subfield>
</datafield>
<datafield ind1=" " ind2=" " tag="653">
<subfield code="a">Erradicación</subfield>
</datafield>
<datafield ind1=" " ind2=" " tag="653">
<subfield code="a">Hoyales de Roa</subfield>
</datafield>
<datafield ind1=" " ind2=" " tag="653">
<subfield code="a">Cipriano Villalonga Guerra</subfield>
</datafield>
<datafield ind1=" " ind2=" " tag="653">
<subfield code="a">20 th. century</subfield>
</datafield>
<datafield ind1=" " ind2=" " tag="653">
<subfield code="a">Eradication</subfield>
</datafield>
<datafield tag="245" ind1="0" ind2="0">
<subfield code="a">Contribución burgalesa a la lucha antipalúdica: los trabajos de Cipriano Villalonga Guerra (1934-1935)</subfield>
</datafield>
</record></metadata></record></GetRecord></OAI-PMH>